| 000 | 00485nam a2200169 i 4500 | ||
|---|---|---|---|
| 001 | 30579 | ||
| 003 | ES-MaACL | ||
| 005 | 20240424063038.0 | ||
| 007 | t| | ||
| 008 | 030127s1974 ve ||||1| spa d | ||
| 100 | 1 |
_aBeltrán Guerrero, Luis, _d1914-1997 _927365 |
|
| 245 | 1 | 0 |
_aCandideces _b: octava serie / _cLuis Beltrán Guerrero. |
| 260 |
_aCaracas : _bArte, _c1974. |
||
| 300 |
_a264 p,. ; _c20 cm. |
||
| 852 |
_aES-MaACL _jA-8705 _bR.98065 |
||
| 999 |
_c30579 _d30579 |
||